000 00838nmm a2200253 a 4500
001 ocm000702800
003 TR-IsHL
005 20201028132616.0
008 131030s1974 tu tur
007 cr cn
035 _a702800
_b(N$T)
050 0 4 _aBP166.2
_bK92 1974
090 0 4 _aBP166.2
_bK92 1974
100 1 _aKoçyiğit, Talat
245 1 0 _aKur'an ve hadiste ru'yet meselesi
_h[electronic resource] /
_cTalat Koçyiğit
260 _aAnkara :
_bAnkara Üniversitesi İlahiyat Fakültesi,
_c1974
300 _a114 p.
650 4 _aFelsefe, Psikoloji ve Din
650 4 _aPhilosophy, Psychology and Religion
650 0 _aKuran
650 0 _aQuran
650 7 _aRELIGION / Islam / Koran & Sacred Writings
_2bisacsh
856 4 0 _uhttp://search.ebscohost.com/login.aspx?direct=true&scope=site&db=e011xww&AN=702800
999 _c5184
_d5184